| 000 | 00458nas a22001697a 4500 | ||
|---|---|---|---|
| 005 | 20251108172917.0 | ||
| 008 | 250721s9999 xx fr 000 0 ara d | ||
| 082 | 1 | 4 | _aم/210.5/مجل |
| 245 | 1 | 0 | _aمجله الحكمه : مجله علميه شرعيه ثقافية محكمة / |
| 264 | 1 | _aليدز : | |
| 310 | _aSemiannual | ||
| 650 | 1 | 7 | _aالاسلام |
| 650 | 1 | 7 | _aدوريات |
| 650 | 1 | 7 | _aالحكمه |
| 942 |
_2ddc _cPER |
||
| 999 |
_c91585 _d91585 |
||